|
|
|
|
| LEADER |
00000nab a2200000 a 4500 |
| 001 |
vtls001024105 |
| 003 |
SK-MaSNL |
| 005 |
20260303042050.0 |
| 008 |
040720e19960801xo 0 slo |
| 035 |
|
|
|a SL2674
|
| 040 |
|
|
|a SLLK
|b slo
|c SLLK
|e AACR2
|
| 041 |
0 |
|
|a slo
|
| 044 |
|
|
|a xo
|c SK
|
| 080 |
|
|
|a 613.2
|2 1981
|
| 100 |
1 |
|
|a Firment, Jozef,
|d 1954-
|4 aut
|9 203848
|
| 245 |
1 |
0 |
|a Dbať na hygienu!
|
| 650 |
0 |
7 |
|a infekcie alimentárne
|2 SLLK
|9 1027837
|
| 650 |
0 |
7 |
|a predchádzanie
|2 SLLK
|9 1027838
|
| 650 |
0 |
7 |
|a články informatívne
|2 SLLK
|9 1022426
|
| 655 |
|
7 |
|a periodikum
|2 snkbucl
|9 29553
|
| 773 |
0 |
8 |
|t Ľubovnianske noviny
|g Roč. 22, č.31, 1.8.1996, s. 2
|
| 852 |
|
|
|a ZVYKNI
|b KIS3GCP
|
| 999 |
|
|
|c 1690332
|d 1692262
|